000
00328 a2200157 4500
001
68003
020
_a
9783190018802
040
_c
Anchieta - Pituba
100
_a
Puchta, Herbert
240
1
0
_a
Motive kursbuch
_l
por
245
1
0
_a
Motive kursbuch
300
_a
65
362
0
_a
2015
650
4
_a
Língua alemã
942
_c
BK
999
_c
68003
_d
68003